[Event "Bayerische EM 2012 Allgemeine Klasse"]
[Site "Bayerisch Eisenstein"]
[Date "2012.08.23"]
[Round "6.1"]
[White "Jussupow, Nadia"]
[Black "Reich, Thomas"]
[Result "1/2-1/2"]
[WhiteElo "2115"]
[BlackElo "2364"]
[PlyCount "84"]
[EventDate "2012.??.??"]
[WhiteTeam "SK Krumbach"]
[BlackTeam "FC Bayern München e.V."]

1. d4 Nf6 2. Bg5 e6 3. Nf3 c5 4. e3 Nc6 5. c3 Qb6 6. Qb3 Ne4 7. Bf4 d5 8. Be2
Bd7 9. O-O Be7 10. h3 O-O 11. Nbd2 Nxd2 12. Nxd2 Rfc8 13. Nf3 Qd8 14. Qd1 Be8
15. Bd3 Bd6 16. Ne5 Qc7 17. Qh5 f5 18. Qh4 Nxe5 19. dxe5 Bxe5 20. Bxe5 Qxe5 21.
Rae1 b5 22. f3 c4 23. Bb1 Bg6 24. Qd4 Qxd4 25. exd4 Kf7 26. Kf2 a5 27. f4 b4
28. Bc2 Kf6 29. Ke3 Rcb8 30. Kd2 Be8 31. Bd1 a4 32. a3 bxa3 33. bxa3 h6 34. h4
Ra6 35. Bc2 g5 36. g3 gxh4 37. gxh4 Bh5 38. Rb1 Rb3 39. Bxb3 axb3 40. Ra1 Ra4
41. Kc1 Bg4 42. Kb2 Be2 1/2-1/2

[Event "Bayerische EM 2012 Allgemeine Klasse"]
[Site "Bayerisch Eisenstein"]
[Date "2012.08.23"]
[Round "6.2"]
[White "Pohl-Kuemmel, Jens-Uwe"]
[Black "Schmid, Roland"]
[Result "1/2-1/2"]
[WhiteElo "2315"]
[BlackElo "2249"]
[PlyCount "23"]
[EventDate "2012.??.??"]
[WhiteTeam "TSV Wacker Neutraubling"]
[BlackTeam "TSV Wacker Neutraubling"]

1. d4 e6 2. Nf3 f5 3. g3 Nf6 4. Bg2 d5 5. O-O Bd6 6. c4 c6 7. b3 Qe7 8. Bb2 b6
9. Ne5 Bb7 10. Nd2 O-O 11. Ndf3 Nbd7 12. Nd3 1/2-1/2

[Event "Bayerische EM 2012 Allgemeine Klasse"]
[Site "Bayerisch Eisenstein"]
[Date "2012.08.23"]
[Round "6.3"]
[White "Lochte, Thomas"]
[Black "Lentrodt, Thomas"]
[Result "1-0"]
[WhiteElo "2164"]
[BlackElo "2328"]
[PlyCount "57"]
[EventDate "2012.??.??"]
[WhiteTeam "SK Weilheim"]
[BlackTeam "FC Bayern München e.V."]

1. e4 c5 2. d4 cxd4 3. c3 d3 4. Bxd3 Nc6 5. Nf3 d6 6. O-O Nf6 7. Bg5 e6 8. Nbd2
Be7 9. Nc4 O-O 10. Re1 e5 11. Qb3 Nd7 12. Be3 Na5 13. Nxa5 Qxa5 14. Bc4 h6 15.
Rad1 Qc7 16. Bd5 Nf6 17. c4 Bg4 18. Rc1 Bxf3 19. gxf3 Nxd5 20. cxd5 Qd7 21. Rc3
Rac8 22. Rec1 Rxc3 23. Qxc3 Qh3 24. Qc7 Re8 25. Qxb7 Qxf3 26. Qd7 Rf8 27. Qxe7
Qxe4 28. Qxd6 f5 29. Qg6 1-0

[Event "Bayerische EM 2012 Allgemeine Klasse"]
[Site "Bayerisch Eisenstein"]
[Date "2012.08.23"]
[Round "6.4"]
[White "Heimrath, Reiner"]
[Black "Bartsch, Berthold"]
[Result "1/2-1/2"]
[WhiteElo "2206"]
[BlackElo "2269"]
[PlyCount "244"]
[EventDate "2012.??.??"]
[WhiteTeam "SC Noris-Tarrasch Nürnberg 1873"]
[BlackTeam "SC Forchheim e.V."]

1. d4 Nf6 2. Nf3 d5 3. e3 e6 4. Nbd2 c5 5. b3 Nc6 6. Bb2 Qa5 7. a3 cxd4 8. exd4
Bd6 9. Bd3 b5 10. O-O Qb6 11. Qe2 b4 12. axb4 Nxb4 13. Bb5+ Bd7 14. Bxd7+ Nxd7
15. c3 Nc6 16. c4 dxc4 17. Nxc4 Qc7 18. d5 Nd8 19. dxe6 Nxe6 20. Nxd6+ Qxd6 21.
Rfd1 Qe7 22. Qb5 Rb8 23. Qc6 Rb6 24. Qc8+ Qd8 25. Qxd8+ Nxd8 26. Rxa7 Nb8 27.
Bxg7 Rg8 28. Be5 Rxb3 29. Ra8 Ndc6 30. Nd4 Nxd4 31. Bxd4 Kd7 32. Be5+ Ke6 33.
Bg3 Rd8 34. Re1+ Kf5 35. Bc7 Rc8 36. Bg3 Rd8 37. Bxb8 Rdxb8 38. Rxb8 Rxb8 39.
g3 Rb2 40. Re3 Kg6 41. Rf3 Ra2 42. Rf4 h6 43. Kg2 Rb2 44. Kh3 Ra2 45. Kg4 Ra5
46. h4 Rb5 47. Rc4 Ra5 48. Rc6+ Kg7 49. Rd6 Rb5 50. Kf4 Rb4+ 51. Ke3 Rb3+ 52.
Rd3 Rb6 53. Rd4 Re6+ 54. Re4 Ra6 55. f3 Rb6 56. g4 Ra6 57. Re5 Ra4 58. Rd5 Rb4
59. Rd4 Rb6 60. Ke4 Re6+ 61. Kf4 Rf6+ 62. Kg3 Ra6 63. Rd5 Ra4 64. Re5 Rb4 65.
h5 Ra4 66. Kh4 Rb4 67. Kg3 Ra4 68. Re4 Ra6 69. f4 Ra1 70. Re3 Kf6 71. Kh4 Ra4
72. Kg3 Ra1 73. Rc3 Rg1+ 74. Kf3 Rf1+ 75. Ke4 Re1+ 76. Re3 Rg1 77. Kf3 Rf1+ 78.
Kg3 Rg1+ 79. Kh3 Rf1 80. Re4 Rh1+ 81. Kg2 Ra1 82. Kf2 Ra3 83. Re3 Ra4 84. Kg3
Ra1 85. Rb3 Rg1+ 86. Kh3 Rh1+ 87. Kg2 Ra1 88. Rb6+ Kg7 89. Rb5 Ra3 90. Re5 Rb3
91. Kf2 Ra3 92. Re3 Ra1 93. Rc3 Rb1 94. Kf3 Re1 95. Rc5 Kf6 96. Rc6+ Kg7 97.
Rd6 Rg1 98. Rd5 Kf6 99. Rf5+ Ke6 100. Re5+ Kf6 101. Re2 Rf1+ 102. Rf2 Rg1 103.
Rg2 Rf1+ 104. Ke3 Re1+ 105. Kf2 Rh1 106. Rg3 Rh2+ 107. Kf3 Rh1 108. Kg2 Rh4
109. Kg1 Kg7 110. Kf2 Kf6 111. Kf3 Rh1 112. Ke2 Ra1 113. g5+ hxg5 114. fxg5+
Kf5 115. g6 fxg6 116. hxg6 Ra2+ 117. Kf1 Ra8 118. g7 Rg8 119. Rf3+ Kg6 120. Kf2
Rxg7 121. Rg3+ Kf6 122. Rxg7 Kxg7 1/2-1/2

[Event "Bayerische EM 2012 Allgemeine Klasse"]
[Site "Bayerisch Eisenstein"]
[Date "2012.08.23"]
[Round "6.5"]
[White "Kuhn, Tobias"]
[Black "Kolb, Wolfgang"]
[Result "1/2-1/2"]
[WhiteElo "2218"]
[BlackElo "2066"]
[PlyCount "91"]
[EventDate "2012.??.??"]
[WhiteTeam "SK 1982 Klingenberg/Main"]
[BlackTeam "SK Königsbrunn"]

1. e4 d5 2. exd5 Qxd5 3. Nc3 Qa5 4. d4 Nf6 5. Nf3 Bf5 6. Bc4 e6 7. Bd2 c6 8.
Qe2 Bb4 9. a3 Nbd7 10. O-O Bxc3 11. Bxc3 Qc7 12. Ne5 O-O 13. Rad1 Nxe5 14. dxe5
Nd5 15. Bxd5 cxd5 16. Rd4 Rfc8 17. h4 h6 18. g4 Bg6 19. h5 Bh7 20. f3 Qb6 21.
Kh2 Qxd4 22. Bxd4 Rxc2 23. Qxc2 Bxc2 24. Rc1 Ba4 25. Rc7 Bc6 26. Kg3 a6 27. Kf4
g6 28. g5 hxg5+ 29. Kxg5 gxh5 30. f4 h4 31. Kxh4 Bb5 32. Kg5 Bd3 33. Kf6 Bg6
34. Bb6 Rb8 35. a4 a5 36. Bxa5 b5 37. axb5 Rxb5 38. Bc3 Rb8 39. Ra7 Rd8 40. Ra4
Rc8 41. Rb4 Ra8 42. Rb7 Rc8 43. Rb6 Rc4 44. Rb8+ Kh7 45. Rb4 Kg8 46. Rxc4
1/2-1/2

[Event "Bayerische EM 2012 Allgemeine Klasse"]
[Site "Bayerisch Eisenstein"]
[Date "2012.08.23"]
[Round "6.6"]
[White "Jussupow, Alexander"]
[Black "Knechtel, Roland"]
[Result "0-1"]
[WhiteElo "2170"]
[BlackElo "2217"]
[PlyCount "50"]
[EventDate "2012.??.??"]
[WhiteTeam "SK Krumbach"]
[BlackTeam "SV Röhrnbach e.V."]

1. d4 g6 2. Nf3 Bg7 3. Bf4 d6 4. e3 Nd7 5. h3 e5 6. Bh2 Qe7 7. Be2 e4 8. Nfd2
f5 9. c4 Ngf6 10. Nc3 O-O 11. Qb3 Kh8 12. O-O a6 13. Rae1 c5 14. dxc5 Nxc5 15.
Qb6 Rd8 16. Nd5 Nxd5 17. cxd5 Na4 18. Qb4 Nxb2 19. Rb1 Qf6 20. Rfc1 b5 21. Rc7
Na4 22. Rbc1 Nb6 23. Nb3 Nxd5 24. Qd2 Nxc7 25. Rxc7 Be6 0-1

[Event "Bayerische EM 2012 Allgemeine Klasse"]
[Site "Bayerisch Eisenstein"]
[Date "2012.08.23"]
[Round "6.7"]
[White "Kreuzer, Klaus"]
[Black "Kunz, Konstantin"]
[Result "1-0"]
[WhiteElo "2130"]
[BlackElo "2303"]
[PlyCount "85"]
[EventDate "2012.??.??"]
[WhiteTeam "SC Bayerwald/Regen"]
[BlackTeam "SC Kitzingen von 1905"]

1. d4 Nf6 2. Nf3 e6 3. Bf4 b6 4. h4 Bb7 5. e3 d6 6. Be2 Nbd7 7. O-O Be7 8. Nbd2
O-O 9. Bh2 a6 10. c3 Re8 11. Qc2 c5 12. Rad1 Qc7 13. Rc1 Rac8 14. Rfe1 Qb8 15.
Qd1 Red8 16. Bf1 Qa8 17. Nc4 Ne8 18. Qe2 Qa7 19. Red1 b5 20. Ncd2 h6 21. Re1
Qa8 22. Red1 Bf8 23. Re1 Nef6 24. Red1 Bc6 25. Re1 Re8 26. Qd1 Rcd8 27. Kh1 Nd5
28. e4 N5f6 29. Bd3 d5 30. e5 Ne4 31. Qe2 Nxd2 32. Qxd2 Be7 33. Bf4 Bf8 34. Bb1
f5 35. g4 g6 36. Bxh6 Re7 37. gxf5 exf5 38. Rg1 Rh7 39. Rxg6+ Kh8 40. Rcg1 Bxh6
41. Rxh6 Rf8 42. Rxh7+ Kxh7 43. Qg5 1-0

[Event "Bayerische EM 2012 Allgemeine Klasse"]
[Site "Bayerisch Eisenstein"]
[Date "2012.08.23"]
[Round "6.8"]
[White "Krauß, Josef"]
[Black "Schatz, Christian"]
[Result "0-1"]
[WhiteElo "2130"]
[BlackElo "2222"]
[PlyCount "116"]
[EventDate "2012.??.??"]
[WhiteTeam "Schachklub Schweinfurt 2000 e.V."]
[BlackTeam "Schachzentrum Fürth 2002"]

1. e4 Nf6 2. Nc3 d6 3. d4 g6 4. Nf3 Bg7 5. Be2 O-O 6. O-O c6 7. h3 Nbd7 8. e5
dxe5 9. dxe5 Ne8 10. e6 fxe6 11. Ng5 Nc7 12. Bc4 Nb6 13. Qxd8 Rxd8 14. Bb3 Nbd5
15. Nce4 h6 16. Nf3 e5 17. Re1 Ne6 18. c3 Kh7 19. h4 Nef4 20. Ng3 Nd3 21. Rd1
Nxc1 22. Rdxc1 Bg4 23. Nh2 Be6 24. Bc2 Nf4 25. h5 Bf7 26. Rd1 Kg8 27. hxg6 Bxg6
28. Bxg6 Nxg6 29. Ne4 Rd5 30. g3 Rad8 31. Re1 b6 32. Kf1 Nf8 33. Ng4 R5d7 34.
Ne3 e6 35. Rad1 Kf7 36. Ke2 Nh7 37. Rxd7+ Rxd7 38. Kf3 Ng5+ 39. Nxg5+ hxg5 40.
Re2 b5 41. Ke4 a5 42. a3 Kg6 43. Ng2 g4 44. Ne1 Rd5 45. f3 gxf3 46. Nxf3 a4 47.
g4 Rc5 48. Kd3 Kf6 49. Nd2 Rd5+ 50. Ke4 Bh6 51. Rf2+ Bf4 52. Nf3 Kg6 53. Re2
Rc5 54. Kd3 Kf6 55. Re1 Rc4 56. Nh4 Bg3 57. g5+ Kxg5 58. Nf3+ Kf4 0-1

[Event "Bayerische EM 2012 Allgemeine Klasse"]
[Site "Bayerisch Eisenstein"]
[Date "2012.08.23"]
[Round "6.9"]
[White "Lederle, Vitus"]
[Black "Shashkin, Igor"]
[Result "0-1"]
[WhiteElo "2220"]
[BlackElo "2105"]
[PlyCount "114"]
[EventDate "2012.??.??"]
[WhiteTeam "SC Dillingen"]
[BlackTeam "PTSV SK Hof 1892"]

1. e4 c5 2. Nf3 d6 3. d4 cxd4 4. Nxd4 Nf6 5. Nc3 g6 6. Be3 Bg7 7. f3 Nc6 8. Qd2
O-O 9. Bc4 Bd7 10. Bb3 Rc8 11. O-O-O Ne5 12. Kb1 a6 13. h4 h5 14. g4 b5 15.
Rdg1 hxg4 16. h5 Nxh5 17. Bh6 Rc4 18. Bxg7 Kxg7 19. f4 Rxd4 20. Qxd4 Nxf4 21.
Rf1 g5 22. Nd5 Nfg6 23. Ne3 f6 24. Nf5+ Bxf5 25. exf5 Nh4 26. Bd5 Qc7 27. Be6
Qc5 28. Qe4 Rb8 29. Bb3 Nhf3 30. Rd1 Qf2 31. Ka1 g3 32. Rhf1 Nd2 33. Rxf2 Nxe4
34. Rg2 Ng4 35. Re1 Ngf2 36. Bd5 Rh8 37. a4 Rh4 38. axb5 axb5 39. Ka2 Rf4 40.
Re3 Kh6 41. Bc6 Kh5 42. Bxb5 Rxf5 43. Be2+ Kh4 44. b4 g4 45. b5 Rc5 46. Bd3 f5
47. b6 Rc8 48. Bc4 Rxc4 49. b7 Rb4 50. Rb3 Rxb7 51. Rxb7 Kh3 52. Rg1 Kh2 53.
Re1 g2 54. Rxe7 g1=Q 55. Rxg1 Kxg1 56. Rf7 g3 57. Rxf5 g2 0-1

[Event "Bayerische EM 2012 Allgemeine Klasse"]
[Site "Bayerisch Eisenstein"]
[Date "2012.08.23"]
[Round "6.10"]
[White "Kapfer, Ulrich"]
[Black "Walter, Florian"]
[Result "1-0"]
[WhiteElo "1737"]
[BlackElo "2128"]
[PlyCount "103"]
[EventDate "2012.??.??"]
[WhiteTeam "SC Dillingen"]
[BlackTeam "SV Lauf a.d.P."]

1. d4 d5 2. c4 c6 3. Nc3 Nf6 4. cxd5 cxd5 5. Bf4 Nc6 6. Nf3 a6 7. h3 h6 8. e3
e6 9. Bd3 Be7 10. O-O O-O 11. Rc1 Bd7 12. Bb1 Rc8 13. a3 Na5 14. Nd2 b5 15. Qf3
Nc4 16. Nxc4 bxc4 17. e4 Qb6 18. e5 Nh7 19. Be3 f5 20. exf6 Nxf6 21. Qg3 Bd6
22. Qh4 Qxb2 23. g4 Qxa3 24. g5 hxg5 25. Bxg5 Kf7 26. f4 Rh8 27. Qg3 Ne4 28.
Nxe4 dxe4 29. Rc3 Qb2 30. Bxe4 Qd2 31. Qf3 Qxd4+ 32. Kg2 Bb4 33. Rcc1 Qd2+ 34.
Kg3 Rxh3+ 35. Kxh3 Rh8+ 36. Kg4 e5+ 37. f5 Qb2 38. Bd5+ Ke8 39. Rh1 Rf8 40. Bc6
Qd4+ 41. Kg3 Bd2 42. Qh5+ Rf7 43. Bxd7+ Qxd7 44. Bxd2 Qxd2 45. Rhf1 Qe3+ 46.
Kh2 Qd2+ 47. Kh1 Qd5+ 48. Qf3 Qd2 49. Rxc4 Rd7 50. Rc8+ Ke7 51. f6+ Ke6 52.
Rc6+ 1-0

[Event "Bayerische EM 2012 Allgemeine Klasse"]
[Site "Bayerisch Eisenstein"]
[Date "2012.08.23"]
[Round "6.11"]
[White "Schelle, Artur"]
[Black "Zill, Christoph"]
[Result "0-1"]
[WhiteElo "2215"]
[BlackElo "2219"]
[PlyCount "66"]
[EventDate "2012.??.??"]
[WhiteTeam "SC Tarrasch 45 München"]
[BlackTeam "SK Freising"]

1. e4 e6 2. d4 d5 3. Nc3 Bb4 4. e5 c5 5. a3 Bxc3+ 6. bxc3 Qa5 7. Bd2 Qa4 8. Nf3
Nc6 9. dxc5 f6 10. exf6 Nxf6 11. Be2 O-O 12. O-O e5 13. Bg5 Be6 14. Bxf6 gxf6
15. Rb1 Rf7 16. c4 Rd8 17. Qc1 dxc4 18. c3 Bf5 19. Bd1 Qa5 20. Bc2 Bxc2 21.
Qxc2 Rd3 22. Rfd1 Qxc3 23. Qe2 Nd4 24. Nxd4 Qxd4 25. c6 bxc6 26. Qh5 Kg7 27.
Rxd3 cxd3 28. Qf3 h6 29. Qxc6 d2 30. Qf3 Rc7 31. Rd1 Rc1 32. Qe2 Rxd1+ 33. Qxd1
Qc3 0-1

[Event "Bayerische EM 2012 Allgemeine Klasse"]
[Site "Bayerisch Eisenstein"]
[Date "2012.08.23"]
[Round "6.12"]
[White "Laubert, Johannes"]
[Black "Ciaffone, Daniel"]
[Result "0-1"]
[WhiteElo "2108"]
[BlackElo "2145"]
[PlyCount "42"]
[EventDate "2012.??.??"]
[WhiteTeam "SC Windischeschenbach"]
[BlackTeam "FC Bayern München e.V."]

1. e4 e5 2. Nf3 Nc6 3. Nc3 Nf6 4. d4 exd4 5. Nxd4 Nxe4 6. Nxe4 Qe7 7. Be2 Qxe4
8. Nxc6 Qxc6 9. O-O Be7 10. Re1 d5 11. Qd4 O-O 12. Bf3 Be6 13. c4 Qxc4 14. Qxc4
dxc4 15. Bxb7 Rab8 16. Bd5 Bf6 17. Bxe6 fxe6 18. Be3 Bxb2 19. Bxa7 Rb7 20. Bc5
Bxa1 21. Bxf8 Bc3 0-1

[Event "Bayerische EM 2012 Allgemeine Klasse"]
[Site "Bayerisch Eisenstein"]
[Date "2012.08.23"]
[Round "6.13"]
[White "Beier, Klaus"]
[Black "Stadler, Alex"]
[Result "1/2-1/2"]
[WhiteElo "2126"]
[BlackElo "2035"]
[PlyCount "160"]
[EventDate "2012.??.??"]
[WhiteTeam "SK Michelau"]
[BlackTeam "SV Deggendorf"]

1. d4 d5 2. Nf3 Nf6 3. Bf4 c5 4. e3 Qb6 5. b3 Nc6 6. Be2 e6 7. h3 Ne4 8. O-O
Be7 9. c3 O-O 10. Nfd2 Nxd2 11. Nxd2 cxd4 12. cxd4 Bd7 13. Nf3 f6 14. Bd3 Rac8
15. Nh4 f5 16. Nf3 h6 17. g4 g5 18. Be5 Nxe5 19. Nxe5 Be8 20. gxf5 exf5 21. Qf3
Qe6 22. Rac1 Rxc1 23. Rxc1 Bd6 24. Nc4 Bb8 25. Nd2 Kg7 26. Rc5 Bc6 27. Qh5 Bd6
28. Rc1 Qf7 29. Qf3 h5 30. Qg2 Kh6 31. Nf3 Qf6 32. Kf1 f4 33. Ke2 Re8 34. Rg1
Rg8 35. Nh4 f3+ 36. Nxf3 g4 37. Nh2 g3 38. Qf3 Qxf3+ 39. Nxf3 Bd7 40. h4 Bg4
41. fxg3 Rf8 42. Rf1 Bxg3 43. e4 dxe4 44. Bxe4 Bxh4 45. Bxb7 Bg5 46. Kf2 Rf7
47. Bc6 Bh4+ 48. Kg2 Be7 49. Re1 Bb4 50. Re8 Rg7 51. Kf2 Re7 52. Rxe7 Bxe7 53.
Ne5 Kg5 54. d5 Kf5 55. Nc4 Bd8 56. Nd6+ Kf4 57. Nf7 Bb6+ 58. Kg2 Bf3+ 59. Kh3
Kf5 60. Nd6+ Kf6 61. b4 Bg4+ 62. Kg2 h4 63. Nc4 Bd8 64. a4 Be2 65. Nd2 Ke5 66.
Kh3 Bg5 67. Nb3 Bc4 68. Na5 Bf1+ 69. Kg4 Bd8 70. Nb7 Be7 71. b5 h3 72. Kg3 Bd6
73. a5 Bb4 74. b6 axb6 75. axb6 Be1+ 76. Kh2 Bf2 77. d6 Bxb6 78. d7 Bc7 79.
d8=Q Bxd8 80. Nxd8 Bg2 1/2-1/2

[Event "Bayerische EM 2012 Allgemeine Klasse"]
[Site "Bayerisch Eisenstein"]
[Date "2012.08.23"]
[Round "6.14"]
[White "Hornung, Hans"]
[Black "Bachhuber, Dominik"]
[Result "1-0"]
[WhiteElo "2138"]
[BlackElo "1858"]
[PlyCount "57"]
[EventDate "2012.??.??"]
[WhiteTeam "SK Klosterlechfeld"]
[BlackTeam "Rainer SC"]

1. Nf3 d5 2. c4 d4 3. b4 Bg4 4. Ne5 Bf5 5. Qb3 Qd6 6. f4 f6 7. c5 Qe6 8. Qxe6
Bxe6 9. Nf3 Nc6 10. b5 Nb4 11. Nxd4 Bf7 12. a3 O-O-O 13. axb4 Rxd4 14. Rxa7 Kb8
15. Ra4 Rc4 16. Nc3 Rxf4 17. e3 Rg4 18. Be2 Rxg2 19. Bf3 Rg5 20. d4 e5 21. d5
Bh5 22. Bxh5 Rxh5 23. O-O e4 24. Bd2 Ne7 25. Rfa1 Kc8 26. c6 bxc6 27. bxc6 Kd8
28. Ra8+ Nc8 29. Rxc8+ 1-0

[Event "Bayerische EM 2012 Allgemeine Klasse"]
[Site "Bayerisch Eisenstein"]
[Date "2012.08.24"]
[Round "7.1"]
[White "Reich, Thomas"]
[Black "Knechtel, Roland"]
[Result "1-0"]
[WhiteElo "2364"]
[BlackElo "2217"]
[PlyCount "111"]
[EventDate "2012.??.??"]
[WhiteTeam "FC Bayern München e.V."]
[BlackTeam "SV Röhrnbach e.V."]

1. d4 g6 2. e4 Bg7 3. Nc3 d6 4. Bg5 h6 5. Be3 Nf6 6. h3 c6 7. Nf3 O-O 8. Qd2
Kh7 9. e5 Nd5 10. Nxd5 cxd5 11. exd6 Qxd6 12. Bf4 Qb6 13. Bd3 Qxb2 14. O-O Nc6
15. Rab1 Qa3 16. h4 h5 17. Rb3 Qxa2 18. Re1 Qa5 19. Qe3 a6 20. Kf1 b5 21. Rc3
Bd7 22. Rc5 e6 23. c3 Rac8 24. g4 e5 25. dxe5 Bxg4 26. Ng5+ Kg8 27. f3 Bf5 28.
Bxf5 gxf5 29. e6 f6 30. e7 Nxe7 31. Qxe7 Rxc5 32. Ne6 Rf7 33. Qxc5 Qa4 34. Qxd5
Kh8 35. Qxf5 Qc4+ 36. Kf2 Qxc3 37. Nxg7 Qb2+ 38. Re2 Qd4+ 39. Kf1 Qd1+ 40. Kf2
Qd4+ 41. Kg2 Kxg7 42. Kh3 Qd7 43. Qxd7 Rxd7 44. Re6 a5 45. Ra6 a4 46. Bd6 Rb7
47. Kg3 Kg6 48. Kf4 b4 49. Rxa4 b3 50. Ra1 Rd7 51. Ba3 Rd4+ 52. Kg3 Kf5 53. Rc1
Rd3 54. Rc5+ Kg6 55. Rb5 Kf7 56. Rxh5 1-0

[Event "Bayerische EM 2012 Allgemeine Klasse"]
[Site "Bayerisch Eisenstein"]
[Date "2012.08.24"]
[Round "7.2"]
[White "Schmid, Roland"]
[Black "Lochte, Thomas"]
[Result "0-1"]
[WhiteElo "2249"]
[BlackElo "2164"]
[PlyCount "68"]
[EventDate "2012.??.??"]
[WhiteTeam "TSV Wacker Neutraubling"]
[BlackTeam "SK Weilheim"]

1. Nf3 Nf6 2. c4 c5 3. Nc3 Nc6 4. g3 g6 5. Bg2 Bg7 6. O-O O-O 7. d4 cxd4 8.
Nxd4 Qb6 9. Nb3 d6 10. Bg5 Be6 11. Nd5 Bxd5 12. cxd5 Na5 13. Nxa5 Qxa5 14. Qb3
h6 15. Bc1 b6 16. Rd1 Rac8 17. Bd2 Qa6 18. e3 Qe2 19. Bc3 Rc7 20. Rd2 Qc4 21.
Qd1 Nd7 22. Bf1 Qe4 23. Bd3 Qxd5 24. Bxg6 Qe6 25. Bxg7 Kxg7 26. Bh5 Nf6 27. Bf3
Rfc8 28. Qa4 Rc4 29. Qxa7 Ne4 30. Bxe4 Qxe4 31. Qxb6 Qf3 32. Qb3 Rc1+ 33. Qd1
Rxd1+ 34. Raxd1 Rc2 0-1

[Event "Bayerische EM 2012 Allgemeine Klasse"]
[Site "Bayerisch Eisenstein"]
[Date "2012.08.24"]
[Round "7.3"]
[White "Pohl-Kuemmel, Jens-Uwe"]
[Black "Jussupow, Nadia"]
[Result "1/2-1/2"]
[WhiteElo "2315"]
[BlackElo "2115"]
[PlyCount "50"]
[EventDate "2012.??.??"]
[WhiteTeam "TSV Wacker Neutraubling"]
[BlackTeam "SK Krumbach"]

1. Nf3 Nf6 2. c4 g6 3. Nc3 Bg7 4. e4 d6 5. d4 O-O 6. Be2 e5 7. O-O Nc6 8. d5
Ne7 9. b4 Nh5 10. Re1 Nf4 11. Bf1 h6 12. a4 a5 13. bxa5 Rxa5 14. Ba3 f5 15. Bb4
Ra6 16. Nd2 c5 17. dxc6 Nxc6 18. Ba3 Qa5 19. Nb5 Qxa4 20. Qxa4 Rxa4 21. Bxd6
Rxa1 22. Rxa1 Rd8 23. c5 Ne6 24. Bc4 Kh7 25. Ra8 Bd7 1/2-1/2

[Event "Bayerische EM 2012 Allgemeine Klasse"]
[Site "Bayerisch Eisenstein"]
[Date "2012.08.24"]
[Round "7.4"]
[White "Bartsch, Berthold"]
[Black "Kuhn, Tobias"]
[Result "0-1"]
[WhiteElo "2269"]
[BlackElo "2218"]
[PlyCount "78"]
[EventDate "2012.??.??"]
[WhiteTeam "SC Forchheim e.V."]
[BlackTeam "SK 1982 Klingenberg/Main"]

1. e4 c5 2. Nc3 Nc6 3. g3 g6 4. Bg2 Bg7 5. d3 d6 6. Be3 Rb8 7. Qd2 b5 8. h4 b4
9. Nd1 h5 10. Nh3 Nh6 11. f3 a5 12. O-O Ne5 13. Ndf2 Qc7 14. c4 bxc3 15. bxc3
Bd7 16. Rab1 Rxb1 17. Rxb1 Ng8 18. Qb2 Nf6 19. Qb8+ Qc8 20. Qxc8+ Bxc8 21. Rb5
O-O 22. Rxa5 Bxh3 23. Bxh3 Nxf3+ 24. Kg2 Ne5 25. Rb5 Ra8 26. Rb2 Ra3 27. Rc2 c4
28. d4 Nd3 29. Re2 Rxc3 30. Nd1 Ra3 31. e5 dxe5 32. dxe5 Nd5 33. e6 f5 34. Bg5
f4 35. Kh1 f3 36. Rc2 c3 37. Bf1 N3b4 38. Rc1 c2 39. Nf2 Bd4 0-1

[Event "Bayerische EM 2012 Allgemeine Klasse"]
[Site "Bayerisch Eisenstein"]
[Date "2012.08.24"]
[Round "7.5"]
[White "Schatz, Christian"]
[Black "Heimrath, Reiner"]
[Result "1/2-1/2"]
[WhiteElo "2222"]
[BlackElo "2206"]
[PlyCount "89"]
[EventDate "2012.??.??"]
[WhiteTeam "Schachzentrum Fürth 2002"]
[BlackTeam "SC Noris-Tarrasch Nürnberg 1873"]

1. d4 g6 2. e4 Bg7 3. c4 d6 4. Nc3 Nd7 5. Be3 h6 6. Bd3 e5 7. d5 Ngf6 8. f3 O-O
9. Nge2 Kh7 10. Qd2 a5 11. Bc2 Ra6 12. O-O-O Nc5 13. h3 Nfd7 14. b3 Nb6 15. a4
Bd7 16. g4 Qe8 17. Nb5 Bxb5 18. cxb5 Ra8 19. h4 Nc8 20. h5 g5 21. Ng3 f6 22.
Nf5 Rf7 23. Kb2 Bf8 24. Bd3 Nb6 25. Be2 Rd7 26. Qc2 Qb8 27. Rd2 Qa7 28. Rhd1
Rad8 29. Ka2 Qa8 30. Bf2 Nc8 31. Be3 Qa7 32. Bg1 Qb6 33. Ne3 Qa7 34. Nc4 Nb6
35. Qc3 Nxc4 36. Qxc4 Kg7 37. Qc3 Qb6 38. Bc4 Rc8 39. Qe3 Rdd8 40. Qe2 Qa7 41.
Be3 Qa8 42. Qf2 Nd7 43. Kb2 Nc5 44. Qe2 b6 45. Ka2 1/2-1/2

[Event "Bayerische EM 2012 Allgemeine Klasse"]
[Site "Bayerisch Eisenstein"]
[Date "2012.08.24"]
[Round "7.6"]
[White "Kolb, Wolfgang"]
[Black "Kreuzer, Klaus"]
[Result "1-0"]
[WhiteElo "2066"]
[BlackElo "2130"]
[PlyCount "69"]
[EventDate "2012.??.??"]
[WhiteTeam "SK Königsbrunn"]
[BlackTeam "SC Bayerwald/Regen"]

1. c4 e6 2. Nc3 d5 3. d4 Nf6 4. Nf3 c6 5. e3 Nbd7 6. Qc2 Bd6 7. Bd3 Qe7 8. cxd5
exd5 9. O-O O-O 10. Re1 h6 11. e4 Nxe4 12. Nxe4 dxe4 13. Rxe4 Qd8 14. Rh4 Re8
15. Bh7+ Kh8 16. Bxh6 gxh6 17. Rxh6 Nf8 18. Bd3+ Kg7 19. Qd2 Re6 20. Rh4 Be7
21. Rg4+ Rg6 22. Rf4 Rg4 23. Ne5 Rxf4 24. Qxf4 Be6 25. Re1 Bg5 26. Qg3 f6 27.
Nf3 Qb8 28. Nxg5 Qxg3 29. Nxe6+ Nxe6 30. hxg3 Nxd4 31. Re7+ Kf8 32. Rxb7 Re8
33. Rxa7 Re1+ 34. Kh2 Rd1 35. Bc4 1-0

[Event "Bayerische EM 2012 Allgemeine Klasse"]
[Site "Bayerisch Eisenstein"]
[Date "2012.08.24"]
[Round "7.7"]
[White "Shashkin, Igor"]
[Black "Jussupow, Alexander"]
[Result "0-1"]
[WhiteElo "2105"]
[BlackElo "2170"]
[PlyCount "46"]
[EventDate "2012.??.??"]
[WhiteTeam "PTSV SK Hof 1892"]
[BlackTeam "SK Krumbach"]

1. e4 e6 2. d4 d5 3. e5 c5 4. c3 Nc6 5. Nf3 Bd7 6. Be2 f6 7. exf6 Nxf6 8. O-O
Qc7 9. Re1 Bd6 10. dxc5 Bxc5 11. b4 Bd6 12. b5 Ne5 13. Nd4 O-O 14. g3 Ne4 15.
f4 Ng6 16. Qd3 e5 17. Nf3 Bc5+ 18. Be3 Bxe3+ 19. Qxe3 exf4 20. Qd4 Be6 21. c4
fxg3 22. cxd5 gxh2+ 23. Kh1 Ng3+ 0-1

[Event "Bayerische EM 2012 Allgemeine Klasse"]
[Site "Bayerisch Eisenstein"]
[Date "2012.08.24"]
[Round "7.8"]
[White "Lentrodt, Thomas"]
[Black "Kapfer, Ulrich"]
[Result "1-0"]
[WhiteElo "2328"]
[BlackElo "1737"]
[PlyCount "59"]
[EventDate "2012.??.??"]
[WhiteTeam "FC Bayern München e.V."]
[BlackTeam "SC Dillingen"]

1. e4 e6 2. d3 d5 3. Nd2 Nf6 4. Ngf3 c5 5. g3 b6 6. c3 Be7 7. e5 Nfd7 8. d4 O-O
9. Bd3 cxd4 10. cxd4 Ba6 11. Bxa6 Nxa6 12. O-O Nb4 13. a3 Nd3 14. Qe2 Nxc1 15.
Rfxc1 a5 16. Rc2 Rc8 17. Rac1 Rxc2 18. Rxc2 Qb8 19. Qa6 Rd8 20. Ne1 f6 21. f4
fxe5 22. fxe5 Nxe5 23. dxe5 Qxe5 24. Ndf3 Qe3+ 25. Kg2 Bc5 26. Re2 Qh6 27. b4
axb4 28. axb4 Be3 29. Nc2 d4 30. Qxb6 1-0

[Event "Bayerische EM 2012 Allgemeine Klasse"]
[Site "Bayerisch Eisenstein"]
[Date "2012.08.24"]
[Round "7.9"]
[White "Kunz, Konstantin"]
[Black "Lederle, Vitus"]
[Result "0-1"]
[WhiteElo "2303"]
[BlackElo "2220"]
[PlyCount "106"]
[EventDate "2012.??.??"]
[WhiteTeam "SC Kitzingen von 1905"]
[BlackTeam "SC Dillingen"]

1. d4 Nf6 2. Nf3 e6 3. e3 c5 4. Bd3 b6 5. O-O Bb7 6. c4 Be7 7. Nc3 cxd4 8. exd4
d5 9. cxd5 Nxd5 10. Ne5 O-O 11. Qh5 g6 12. Qh3 Nc6 13. Bh6 Nxd4 14. Bxf8 Bxf8
15. Nxf7 Kxf7 16. Qxh7+ Bg7 17. Qxg6+ Kf8 18. Be4 Ne7 19. Qg4 Bxe4 20. Qxe4 Rc8
21. Rad1 Nef5 22. Rd3 Qf6 23. Rfd1 Rd8 24. h3 Kg8 25. Qg4 Nh6 26. Qe4 e5 27.
R3d2 Nf7 28. b3 Ng5 29. Qe3 Ngf3+ 30. gxf3 Bh6 31. Qe4 Bxd2 32. Nd5 Qf7 33. Kh1
Qxf3+ 34. Qxf3 Nxf3 35. Nf6+ Kf7 36. Ne4 Rd4 37. Kg2 Nh4+ 38. Kf1 Rxe4 39. Rxd2
Rd4 40. Rc2 Ke6 41. Ke2 Ng6 42. Rc7 Rd7 43. Rxd7 Kxd7 44. Kf3 Ke6 45. Kg4 Nf4
46. h4 Nd3 47. f3 Kf6 48. h5 Nc1 49. h6 Nxa2 50. h7 Kg7 51. Kf5 Nc1 52. b4 Kxh7
53. b5 Na2 0-1